000 00639nam a22002057a 4500
005 20251108165513.0
008 250721s1987 xx 000 0 ara d
082 1 4 _aم/157.9203/لاب
100 1 _aلابلانش، جان
245 1 0 _aمعجم مصطلحات التحليل النفسي /
250 _aط2
264 1 _aبيروت :
_bالمؤسسة الجامعية للدراسات و النشر،
_c1987.
300 _a638ص
650 1 7 _aالتحليل النفسي
650 1 7 _aالقواميس
650 1 7 _aمعاجم المصطلحات
700 1 _aج.ب.، بونتاليس
942 _2ddc
_cREF
999 _c29472
_d29472